The origins of the world war, (Record no. 17847)
[ view plain ]
| 000 -LEADER | |
|---|---|
| fixed length control field | 00897cam a22002411 4500 |
| 001 - CONTROL NUMBER | |
| control field | ca 35000592 |
| 003 - CONTROL NUMBER IDENTIFIER | |
| control field | DLC |
| 005 - DATE AND TIME OF LATEST TRANSACTION | |
| control field | 20260227111138.0 |
| 008 - FIXED-LENGTH DATA ELEMENTS--GENERAL INFORMATION | |
| fixed length control field | 761216s1930 nyuabch 000 0 eng |
| 010 ## - LIBRARY OF CONGRESS CONTROL NUMBER | |
| LC control number | ca 35000592 |
| 035 ## - SYSTEM CONTROL NUMBER | |
| System control number | (OCoLC)2626488 |
| 040 ## - CATALOGING SOURCE | |
| Original cataloging agency | DLC |
| Transcribing agency | NOsU |
| Modifying agency | DLC |
| 042 ## - AUTHENTICATION CODE | |
| Authentication code | premarc |
| 050 00 - LIBRARY OF CONGRESS CALL NUMBER | |
| Classification number | D511 |
| Item number | .F23 1930a |
| 100 1# - MAIN ENTRY--PERSONAL NAME | |
| Personal name | Fay, Sidney Bradshaw, |
| Dates associated with a name | 1876-1967. |
| 245 14 - TITLE STATEMENT | |
| Title | The origins of the world war, |
| Statement of responsibility, etc. | by Sidney Bradshaw Fay. |
| 260 ## - PUBLICATION, DISTRIBUTION, ETC. | |
| Place of publication, distribution, etc. | New York, |
| Name of publisher, distributor, etc. | The Macmillan company, |
| Date of publication, distribution, etc. | 1930. |
| 300 ## - PHYSICAL DESCRIPTION | |
| Extent | 2 v. |
| Other physical details | fronts., illus. (incl. maps) ports., facsims. |
| Dimensions | 23 cm. |
| 500 ## - GENERAL NOTE | |
| General note | "Published October, 1928. Reissued ... [v. 1] July, 1930 [v. 2, May, 1930]" |
| 505 0# - FORMATTED CONTENTS NOTE | |
| Formatted contents note | I. Before Sarajevo: underlying causes of the war.--II. After Sarajevo: immediate causes of the war. |
| 650 #0 - SUBJECT ADDED ENTRY--TOPICAL TERM | |
| Topical term or geographic name entry element | World War, 1914-1918 |
| General subdivision | Causes. |
| 651 #0 - SUBJECT ADDED ENTRY--GEOGRAPHIC NAME | |
| Geographic name | Europe |
| General subdivision | Politics and government |
| Chronological subdivision | 1871-1918. |
No items available.